Lacina, Vlastislav: Velká hospodářská krize v Československu

Bibliographic Details
Main Authors: Bartlová, Alena, 1939- (Author), Lacina, Vlastislav, 1931- (Author)
Format: Article
Language:Slovak
Subjects:

MARC

LEADER 00000nab a2200000 a 4500
001 vtls000279501
003 SK-MaSNL
005 20260311224825.0
008 250422c1987 xo 0 slo
015 |a SNBRB19rr/mm-uuuuu 
035 |a CL0289619 
035 |a urn:nbn:sk:snk-ab6qs0 
035 |a (uuid)b744d442-d4c8-4acd-b6cc-7cac496a0e0f 
035 |a (urnnbn)urn:nbn:sk:snk:ar-a059g1 
035 |a (sysno)vtls000279501 
040 |a SNKBUCL  |b slo  |c SNKBUCL  |e AACR2 
041 0 |a slo 
044 |a xo  |c SK 
080 |a 943.7  |2 1981 
100 1 |a Bartlová, Alena,  |d 1939-  |4 aut  |9 104598 
245 1 0 |a Lacina, Vlastislav: Velká hospodářská krize v Československu  |c Alena Bartlová ; Vlastislav Lacina 
650 0 7 |a hospodárska kríza  |2 snkbucl  |9 2278 
651 7 |a Československo  |2 snkbucl  |9 21376 
655 7 |a články z novín a časopisov  |2 snkbucl  |9 267496 
700 1 |a Lacina, Vlastislav,  |d 1931-  |4 aut  |9 114538 
773 0 |t Ekonomický časopis  |g Roč. 35, č. 1 (1987), s. 82-86 
787 0 8 |i Rec.:  |a Lacina, Vlastislav  |t Velká hospodářská krize v Československu  |d Praha : Academia, 1985 
850 |a Slovenská národná knižnica 
852 |a Slovenská národná knižnica 
954 |a odborná, vedecká literatúra pôvodná (slovenská)  |2 lita 
958 |a article27 
958 |a RK 
958 |a OND 
958 |a EUIPO 
992 |a RBX 
999 |c 3262421  |d 3264351